000 00783nam a2200241Ia 4500
001 21814
005 20260408082440.0
008 260320s9999||||xx |||||||||||||| ||und||
020 _a9788425227868
041 _aESP
082 _aHR 720.3
_bCH554
100 _aChing, Francis D. K.,
_eAUT
245 0 _aDiccionario visual de arquitectura
250 _aSegunda edición, tercera tirada
260 _aBarcelona :
_bGG,
_c2025
300 _a380 páginas :
_bilustraciones ;
_c30 cm.
505 _aEn la portada. Segunda edición ampliada
650 _aABD
653 _aArquitectura - Diccionario
654 _aCAU
856 _uhttps://www-architectureopenlibrary-com.ucsp.lookproxy.com/
_zVéase además: Base de datos Architecture Open Library
942 _cDIC
_dJUS
_fMAT
_2ddc
999 _c21814
_d21814